| 000 | 00720nam a2200253Ia 4500 | ||
|---|---|---|---|
| 999 |
_c3513 _d3513 |
||
| 008 | 251202t2017||||gw a|||gd|||||||| ||und|| | ||
| 020 |
_a9781501515101 _c€ 69.95 |
||
| 040 |
_aKO _beng |
||
| 041 | 0 | _aeng | |
| 044 | _agw | ||
| 082 | 0 | 4 |
_a658.4032 _bB182 _223 |
| 100 | 1 | _aBalakrishnan, Nagraj | |
| 245 | 1 | 0 |
_aManagerial decision modeling : _bbusiness analytics with spreadsheets / _cNagraj Balakrishnan (et.al...) |
| 250 | _a4th ed. | ||
| 260 |
_aGermany : _bDe G press, _c2017 |
||
| 300 |
_axxiv, 804 p. _b : col. ill; _c; 24 cm. |
||
| 650 | 0 |
_aLinear programming _vTextbooks |
|
| 650 | 0 |
_aDecision making _vTextbooks |
|
| 700 | _eaut | ||
| 700 | _eaut | ||
| 904 | _aA_BOSE | ||
| 942 |
_cBK _2ddc |
||